书目信息 |
| 题名: |
砌体结构设计规范理解与应用
|
|
| 作者: | 唐岱新 编著 | |
| 分册: | ||
| 出版信息: | 北京 中国建筑工业出版社 2002.06 |
|
| 页数: | 296页 | |
| 开本: | 26cm | |
| 丛书名: | ||
| 单 册: | ||
| 中图分类: | TU364 | |
| 科图分类: | ||
| 主题词: | 土结构 , 砖石结构 , 竹结构 , 木结构 , 砌块结构 | |
| 电子资源: | ||
| ISBN: | 7-112-05094-4 | |
| 000 | 00688nam0 2200241 45 | |
| 001 | 0260053815 | |
| 005 | 2002110316405381 | |
| 010 | @a7-112-05094-4@dRMB 24.00 | |
| 100 | @a20021103d2002 km y0chiy0120 ea | |
| 101 | 0 | @achi |
| 102 | @aCN@b110000 | |
| 200 | 1 | @a砌体结构设计规范理解与应用@Aqi ti jie gou she ji gui fan li jie yu ying yong@f唐岱新等编著@FTang Dai Xin Deng Bian Zhu |
| 210 | @a北京@c中国建筑工业出版社@d2002.06 | |
| 215 | @a296页@d26cm | |
| 606 | 0 | @a土结构 |
| 606 | 0 | @a砖石结构 |
| 606 | 0 | @a竹结构 |
| 606 | 0 | @a木结构 |
| 606 | 0 | @a砌块结构 |
| 690 | @aTU364@v3 | |
| 701 | 0 | @a唐岱新@ATang Dai Xin@4编著 |
| 801 | 0 | @aCN@bPFT@c20021103 |
| 905 | @a10447@dTU364@eT237 | |
| 砌体结构设计规范理解与应用/唐岱新等编著.-北京:中国建筑工业出版社,2002.06 |
| 296页;26cm |
| ISBN 7-112-05094-4:RMB 24.00 |
| ● |
| 相关链接 |
|
|
|
正题名:砌体结构设计规范理解与应用
索取号:TU364/T237
 
预约/预借
| 序号 | 登录号 | 条形码 | 馆藏地/架位号 | 状态 | 备注 |
| 1 | 369667 | 203696679 | 建筑库101/101建筑库 84排2列5层/ [索取号:TU364/T237] | 在馆 | |
| 2 | 369668 | 203696688 | 土木与交通工程学院资料室/土木与交通学院资料室 1排1列1层/ [索取号:TU364/T237] | 在馆 | |
| 3 | 369669 | 203696697 | 土木与交通工程学院资料室/土木与交通学院资料室 1排1列1层/ [索取号:TU364/T237] | 在馆 | |
| 4 | 369670 | 203696704 | 建筑库101/101建筑库 84排2列5层/ [索取号:TU364/T237] | 在馆 | |
| 5 | 369671 | 203696713 | 建筑库101/101建筑库 84排2列5层/ [索取号:TU364/T237] | 在馆 |